000
00269nam a22001097a 4500
008
240715b |||||||| |||| 00| 0 eng d
100
_a
Satramdas, Sayal
_9
17041
245
_a
Sohrab Ain Rustam
260
_b
Satramdas;
_c
1964.
_a
Ahmedabad;
300
_a
100p.
942
_c
BK
999
_c
40390
_d
40390